MARC

Tag First Indicator Second Indicator Subfields
LEADER 00000cam a2200000Ii 4500
001 in00003902821
005 20180214140120.0
006 m o d f
007 cr |||||||||||
008 110930s1967 ohu ob f000 0 eng d
035 |a (OCoLC)ocn755239108 
037 |a PB 216480  |b National Technical Information Service 
040 |a OCLCE  |b eng  |e rda  |e pn  |c OCLCE  |d OCLCQ  |d OCLCO  |d OCLCA  |d OCLCQ  |d GPO  |d MvI  |d UtOrBLW 
049 |a WWW 
050 4 |a TD180  |b .H3 
060 4 |a W1  |b EN984G no.6 1967 
074 |a 0483-F (online) 
086 0 |a FS 2.300:UIH-6 
088 |a SW-1C 
100 1 |a Hanks, Thrift G.,  |e author. 
245 1 0 |a Solid waste/disease relationships :  |b a literature survey /  |c by Thrift G. Hanks. 
264 1 |a Cincinnati :  |b U.S. Department of Health, Education, and Welfare, Public Health Service, Bureau of Disease Prevention and Environmental Control, National Center for Urban and Industrial Health, Solid Wastes Program,  |c 1967. 
300 |a 1 online resource (ix, 179 pages). 
336 |a text  |b txt  |2 rdacontent 
337 |a computer  |b c  |2 rdamedia 
338 |a online resource  |b cr  |2 rdacarrier 
490 1 |a Environmental health series. [UIH] Urban and industrial health ;  |v 6 
490 1 |a Public Health Service publication ;  |v no. 999-UIH-6 
500 |a "SW-1c." 
500 |a Conducted by the Life Systems Division of Aerojet-General Corporation, Azusa, Calif., under contract with Solid Wastes Program (formerly, the Office of Solid Wastes). 
500 |a Issued also as volume 1 of a five volume series, Literature survey of solid waste/disease relationships, published by the Life Systems Division, Aerojet-General Corporation. 
504 |a Includes bibliographical references (pages 133-147). 
536 |a Written for the Solid Wastes Program  |b contract no. Ph.86-66-151 
588 |a Description based on online resource, title from PDF title page (EPA website, viewed Sept. 1, 2017). 
650 0 |a Refuse and refuse disposal  |x Health aspects. 
650 0 |a Communicable diseases  |x Transmission.  |0 http://id.loc.gov/authorities/subjects/sh85038417 
650 0 |a Diseases  |x Causes and theories of causation.  |0 http://id.loc.gov/authorities/subjects/sh85038413 
650 0 |a Sewage  |x Microbiology.  |0 http://id.loc.gov/authorities/subjects/sh85120460 
650 0 |a Environmental toxicology.  |0 http://id.loc.gov/authorities/subjects/sh96003462 
650 2 |a Disease Reservoirs.  |0 https://id.nlm.nih.gov/mesh/D004197 
650 2 |a Refuse Disposal.  |0 https://id.nlm.nih.gov/mesh/D012037 
710 2 |a Aerojet-General Corporation.  |b Von Karman Center.  |b Life Systems Division.  |0 http://id.loc.gov/authorities/names/n87114741 
710 2 |a Solid Wastes Program (National Center for Urban and Industrial Health (U.S.)),  |e sponsoring body.  |0 http://id.loc.gov/authorities/names/n2011180217 
776 0 8 |i Print version:  |a Hanks, T.G., 1913-  |t Solid waste/disease relationships  |w (DLC) 82461999  |w (OCoLC)14492125 
830 0 |a Environmental health series.  |p Urban and industrial health ;  |v 6.  |0 http://id.loc.gov/authorities/names/no2013069158 
830 0 |a Public Health Service publication ;  |v no. 999-UIH-6.  |0 http://id.loc.gov/authorities/names/n42031691 
856 4 0 |u https://purl.fdlp.gov/GPO/gpo84673  |t 0 
999 f f |s addd6c90-85ce-394c-848f-d418533840d7  |i e3599665-dd59-3028-bfbe-2b239bd96085  |t 0 
952 f f |a Texas A&M University  |b College Station  |c Electronic Resources  |d Available Online  |t 0  |e FS 2.300:UIH-6  |h Superintendent of Documents classification 
998 f f |a FS 2.300:UIH-6  |t 0  |l Available Online